000 00644nam a2200241Ia 4500
003 OSt
005 20221005121530.0
006 a|||||r|||| 00| 0
007 ta
008 221004b |||||||| |||| 00| 0 eng d
024 _a33335
037 _cTextual
040 _aCRL
_cCRL
_beng
041 _2eng
_aeng
082 _aO111,1J70,1, K6
100 _aWillobie
_9630732
245 0 _aHis avisa 1594
_b with an essay on 2 Harrison GB
260 _c1966
490 _aElizabethan and Jacobean quartos ,9
650 _aENGLISH LITERATURE
942 _hO111,1J70,1, K6
_cTEXL
_2cc
999 _c1041437
_d1041437